00413 2200157 4500001002100000005001500021035002000036245006700056100001900123300001200142260004600154082000800200084001400208020002100222990001200243INLIS00000000000248820250604111549 a0010-06250000741 aSuper Modul KSN Ekonomi 1 :bMikroekonomi /cM. Agung Lazuardi0 aAgung Lazuardi a231 hlm aJakarta :bPT. Jakarta Sains Media,c2022 a330 a330 AGU s a978-623-6111-9-0 a0754868